000 00427nam a2200169Ia 4500
008 221030s9999 xx 000 0 und d
020 _a8125918779
041 _aEnglish
082 _a105.23
_bDwi
100 _aD. N. Dwivedi
245 0 _aEngineering Economics
_cby D. N. Dwivedi, A. Dwivedi
260 _bVikas Pub House
_aNew Delhi
_c2005
300 _a321
650 _aBE Economics
700 _aA. Dwivedi
942 _cBK
999 _c2114
_d2114